Normal view
MARC view
- Maj Dr Sohail Malik
Entry Personal Name
001 - CONTROL NUMBER
- control field: 50972
003 - CONTROL NUMBER IDENTIFIER
- control field: NUST
005 - DATE AND TIME OF LATEST TRANSACTION
- control field: 20210314134847.0
008 - FIXED-LENGTH DATA ELEMENTS
- fixed length control field: 210314|| aca||aabn | a|a d
040 ## - CATALOGING SOURCE
- Original cataloging agency: NUST
- Transcribing agency: NUST
100 ## - HEADING--PERSONAL NAME
- Personal name: Maj Dr Sohail Malik
670 ## - SOURCE DATA FOUND
- Source citation: Work cat.: (NUST): Ahmed Saeed PC syn#16 50971, Designing, estimation and scheduling of 64 x BOQs at risalpur using modern tools, 2016.
